TV Show Characters VI Quiz Stats

Quiz Updated Jun 29, 2015

Challenge
Share
Tweet
Score 0/25 Timer 06:00
3 Plays Today
% Correct
Ray Barone (Everybody Loves Raymond)
89.9%
Lucy Ricardo (I Love Lucy)
81.7%
Jon Snow (Game of Thrones)
70.6%
Steve Urkel (Family Matters)
70.4%
Kimmy Schmidt (Unbreakable Kimmy Schmidt)
56.2%
Piper Chapman (Orange Is the New Black)
54.4%
Dr. Temperance 'Bones' Brennan (Bones)
52%
Gloria Delgado-Pritchett (Modern Family)
46.3%
Hannibal Lecter (Hannibal)
43.2%
Rose Nylund (The Golden Girls)
42%
James 'Sawyer' Ford (Lost)
41.7%
Jackie Burkhart (That 70's Show)
39.4%
Olivia Benson (Law and Order: SVU)
34.9%
% Correct
Claire Underwood (House of Cards)
31.2%
Michonne (The Walking Dead)
24%
Enoch 'Nucky' Thompson (Boardwalk Empire)
23%
Dr. Spencer Reid (Criminal Minds)
22.3%
Burton 'Gus' Guster (Psych)
20.8%
Linda Belcher (Bob's Burgers)
19.5%
Robert Crawley, the Earl of Grantham (Downton Abbey)
17.5%
Eric Taylor (Friday Night Lights)
17.4%
Rustin Cohle (True Detective)
15.2%
Will McAvoy (The Newsroom)
11.5%
Special Agent Dale Cooper (Twin Peaks)
9.8%
Thomas Shelby (Peaky Blinders)
6.8%

You're not logged in!

Compare scores with friends on all Sporcle quizzes.
Join for Free
OR
Log In

You Might Also Like...

Show Comments

Extras

Top Quizzes Today


Score Distribution

Your Account Isn't Verified!

In order to create a playlist on Sporcle, you need to verify the email address you used during registration. Go to your Sporcle Settings to finish the process.

Report this User

Report this user for behavior that violates our Community Guidelines.

Details: